| 000 | 00583cam a2200181 4500 | ||
|---|---|---|---|
| 020 | _a0395142105 | ||
| 082 | 0 | 0 |
_a620.104 _bANA |
| 100 | 1 |
_aAnand, D. K. _940588 |
|
| 245 | 1 | 0 |
_aEngineering mechanics: statics _c[by] D. K. Anand [and] P. F. Cunniff. |
| 260 |
_aBoston, _bHoughton Mifflin _c[1973] |
||
| 300 |
_axi, 307 p. _billus. _c24 cm. |
||
| 500 | _aCompanion volume to the author's Engineering mechanics: dynamics. | ||
| 526 |
_a0 _b0 _c0 _d620_104000000000000_ANA |
||
| 650 | 0 |
_aMCE _9379 |
|
| 650 | 0 |
_aStatics. _91020 |
|
| 700 | 1 |
_aCunniff, Patrick F., _940589 |
|
| 942 |
_2ddc _cBK |
||
| 999 |
_c544843 _d544843 |
||